Southville International School and Colleges
Your cart is empty.
  • Cart
  • Lists
    Public lists Eva Luna New books Lux_list list_1
    Your lists Log in to create your own lists
  • Log in to your account
  • Your cookies
  • Search history
Southville International School and Colleges
  • Advanced search
  • Recent comments
  • Most popular
  • Libraries

Log in to your account

Log in with GOOGLE


If you do not have an external account, but do have a local account, you can still log in:

  1. Home
  2. MARC view: Fish is fish /
Normal view MARC view ISBD view

Fish is fish / (Record no. 113451)

[ view plain ]
MARC details
000 -LEADER
fixed length control field 00481nam a2200193 a 4500
001 - CONTROL NUMBER
control field 2030
005 - DATE AND TIME OF LATEST TRANSACTION
control field 20140414132020.0
008 - FIXED-LENGTH DATA ELEMENTS--GENERAL INFORMATION
fixed length control field 040109s19uu xx 00 eng d
020 ## - INTERNATIONAL STANDARD BOOK NUMBER
International Standard Book Number 0-394-82799-6
050 ## - LIBRARY OF CONGRESS CALL NUMBER
Classification number TR
Item number F52 1970
100 ## - MAIN ENTRY--PERSONAL NAME
Personal name Lionni, Leo
245 ## - TITLE STATEMENT
Title Fish is fish /
Statement of responsibility, etc Leo Lionni.
260 ## - PUBLICATION, DISTRIBUTION, ETC. (IMPRINT)
Place of publication, distribution, etc U.S.A :
Name of publisher, distributor, etc Dragonfly Books,
Date of publication, distribution, etc 1970.
300 ## - PHYSICAL DESCRIPTION
Extent v. p. : ill. ; cm.
500 ## - GENERAL NOTE
General note TR/PS
650 ## - SUBJECT ADDED ENTRY--TOPICAL TERM
Topical term or geographic name as entry element Fish
General subdivision Stories.
650 ## - SUBJECT ADDED ENTRY--TOPICAL TERM
Topical term or geographic name as entry element Children stories.
Holdings
Withdrawn status Lost status Damaged status Use restrictions Home library Current library Shelving location Date acquired Source of acquisition Cost, normal purchase price Total Checkouts Full call number Barcode Date last seen Price effective from Koha item type
        Munich Library Munich Library Teachers Reference Section 01/09/2004   75.00   TR F52 1970 M5020 04/14/2014 04/14/2014 Books

Fish is fish /

APA

Lionni L., . (1970). Fish is fish. U.S.A: Dragonfly Books.

Chicago

Lionni Leo, . 1970. Fish is fish. U.S.A: Dragonfly Books.

Harvard

Lionni L., . (1970). Fish is fish. U.S.A: Dragonfly Books.

MLA

Lionni Leo, . Fish is fish. U.S.A: Dragonfly Books. 1970.

  • Place hold
  • Print
  • Cite
  • Add to your cart (remove)
  • Save record
    BIBTEX Dublin Core MARCXML MARC (non-Unicode/MARC-8) MARC (Unicode/UTF-8) MARC (Unicode/UTF-8, Standard) MODS (XML) RIS
  • More searches
    Search for this title in:
    Other Libraries (WorldCat) Other Databases (Google Scholar) Online Stores (Bookfinder.com) Open Library (openlibrary.org)

Exporting to Dublin Core...

SOUTHVILLE LIBRARY

Southville International School and Colleges Library

1281 Tropical Ave. Cor. Luxembourg St., BF Homes International, Las Pinas City

Tel. No. 8256374 / 252358 Loc. 117/146

Powered by Koha